Hunting with the fox cubs / (Record no. 9007)

MARC details
000 -LEADER
fixed length control field 01069nam a22002777a 4500
001 - CONTROL NUMBER
control field 9007
003 - CONTROL NUMBER IDENTIFIER
control field FISKH
005 - DATE AND TIME OF LATEST TRANSACTION
control field 20251113160609.0
008 - FIXED-LENGTH DATA ELEMENTS--GENERAL INFORMATION
fixed length control field 251113b cb ||||| |||| 00| 0 eng d
020 ## - INTERNATIONAL STANDARD BOOK NUMBER
International Standard Book Number 9780862881832
040 ## - CATALOGING SOURCE
Original cataloging agency FISKH
Language of cataloging eng
Transcribing agency FISKH
Modifying agency FISKH
050 ## - LIBRARY OF CONGRESS CALL NUMBER
Classification number PZ7
082 ## - DEWEY DECIMAL CLASSIFICATION NUMBER
Classification number 599.775
100 ## - MAIN ENTRY--PERSONAL NAME
Personal name Miller, Muriel
Relator term Author
245 ## - TITLE STATEMENT
Title Hunting with the fox cubs /
Statement of responsibility, etc. A story by Muriel Miller ; Illustrated by Barbara Pickett
260 ## - PUBLICATION, DISTRIBUTION, ETC.
Place of publication, distribution, etc. London :
Name of publisher, distributor, etc. Ramboro Books ;
Date of publication, distribution, etc. 1985
300 ## - PHYSICAL DESCRIPTION
Extent 28 unnumbered pages :
Other physical details color illustrations ;
Dimensions 18 cm
505 ## - FORMATTED CONTENTS NOTE
Formatted contents note J<br/>
520 ## - SUMMARY, ETC.
Summary, etc. Hunting with the Fox Cubs describes how young foxes learn the skills they need to survive. From watching their parents hunt to practicing their own moves, readers see the cubs grow stronger and more independent. Simple text and vivid pictures help children understand animal life in the wild.
521 8# - TARGET AUDIENCE NOTE
Target audience note 450<br/>
Source Lexile estimate<br/>
521 8# - TARGET AUDIENCE NOTE
Target audience note J<br/>
Source Raz-Plus<br/>
650 ## - SUBJECT ADDED ENTRY--TOPICAL TERM
Topical term or geographic name entry element Hunting
Form subdivision Fox
700 ## - ADDED ENTRY--PERSONAL NAME
Personal name Pickett, Barbara
Relator term Illustrator
942 ## - ADDED ENTRY ELEMENTS (KOHA)
Source of classification or shelving scheme Dewey Decimal Classification
Koha item type Books
Suppress in OPAC No
Holdings
Withdrawn status Lost status Source of classification or shelving scheme Damaged status Not for loan Home library Current library Shelving location Date acquired Total Checkouts Full call number Barcode Date last seen Copy number Price effective from Koha item type
    Dewey Decimal Classification     Footprints International School Library Network Toul Tom Poung Campus Footprints International School Library Network Toul Tom Poung Campus TTP Primary Dark Blue Bookshelves 11/13/2025   MIL 599.775 PZ7 FISBK057032 11/13/2025 1 11/13/2025 Books